Художественная культура Саратовского края. Ч. 2: Пластические искусства (Запись № 11225183)

Подробности
000 -МАРКЕР
контрольное поле 02043nam2a2200337 4500
001 - ИДЕНТИФИКАТОР ЗАПИСИ
контрольное поле RU\NLR\BIBL_A\011668887
005 - ИДЕНТИФИКАТОР ВЕРСИИ
контрольное поле 20180416164826.0
010 ## - МЕЖДУНАРОДНЫЙ СТАНДАРТНЫЙ НОМЕР КНИГИ (ISBN)
Номер (ISBN) 978-5-94841-278-8
Тираж 100
021 ## - НОМЕР ГОСУДАРСТВЕННОЙ РЕГИСТРАЦИИ
Код страны Российская Федерация
Номер КН-П-18-014438
Номер Листа государственной регистраци КН-П-18-1040
035 ## - ДРУГИЕ СИСТЕМНЫЕ НОМЕРА
Идентификатор записи (NLR Aleph) 011668887
035 ## - ДРУГИЕ СИСТЕМНЫЕ НОМЕРА
Идентификатор записи (RuMoRGB)009557041
100 ## - ДАННЫЕ ОБЩЕЙ ОБРАБОТКИ
Данные общей обработки 20180402d2017 k y0rusy50 ca
101 0# - ЯЗЫК РЕСУРСА
Язык текста, звукозаписи и т.д. русский
102 ## - СТРАНА ПУБЛИКАЦИИ ИЛИ ПРОИЗВОДСТВА
Страна публикации Российская Федерация
105 ## - ПОЛЕ КОДИРОВАННЫХ ДАННЫХ: ТЕКСТОВЫЕ МАТЕРИАЛЫ, МОНОГРАФИЧЕСКИЕ
Кодированные данные о монографическом текстовом документе a|||z|||000zy
200 1# - ЗАГЛАВИЕ И СВЕДЕНИЯ ОБ ОТВЕТСТВЕННОСТИ
Основное заглавие Пластические искусства
Сведения, относящиеся к заглавию архитектура, скульптура, живопись
210 ## - ПУБЛИКАЦИЯ, РАСПРОСТРАНЕНИЕ И ДР.
Дата издания, распространения и т.д. 2017
215 ## - ФИЗИЧЕСКАЯ ХАРАКТЕРИСТИКА
Специфическое обозначение материала и объем 72 с.
Другие сведения о физической характеристике ил.
461 #0 - УРОВЕНЬ НАБОРА
Встроенное поле 001RU\NLR\BIBL_A\011668881
-- 2001#$aХудожественная культура Саратовского края$fА.И. Демченко$gСаратовская государственная консерватория имени Л.В. Собинова$vЧ. 2
-- 700#1$aДемченко$bА. И.$gАлександр Иванович$f1943-$cискусствовед$3RU\NLR\AUTH\7729304
Системный номер (АБИС) связанной записи 11225144
Автор Демченко, А. И. (искусствовед ; 1943-)
Место публикации Саратов
Дата публикации 2017
Первые сведения об ответственности А.И. Демченко
Имя издателя, распространителя и т.д. ФГБОУ ВО "Саратовская государственная консерватория имени Л.В. Собинова"
Заглавие Художественная культура Саратовского края
Номер тома Ч. 2
606 1# - НАИМЕНОВАНИЕ ТЕМЫ КАК ПРЕДМЕТ
Наименование темы Архитектура русская
Географический подзаголовок Саратовская область
Системный номер авторитетной/нормативной записи 1041553
Идентификатор авторитетной/нормативной записи RU\NLR\AUTH\6683226
606 1# - НАИМЕНОВАНИЕ ТЕМЫ КАК ПРЕДМЕТ
Наименование темы Живопись русская
Географический подзаголовок Саратовская область
Системный номер авторитетной/нормативной записи 2362866
Идентификатор авторитетной/нормативной записи RU\NLR\AUTH\6601633126
606 1# - НАИМЕНОВАНИЕ ТЕМЫ КАК ПРЕДМЕТ
Наименование темы Скульптура русская
Географический подзаголовок Саратовская область
Системный номер авторитетной/нормативной записи 2362868
Идентификатор авторитетной/нормативной записи RU\NLR\AUTH\6601633127
686 1# - ИНДЕКСЫ ДРУГИХ КЛАССИФИКАЦИЙ
Индекс Щ113(2Р=Рус)99Саратовская обл.
686 1# - ИНДЕКСЫ ДРУГИХ КЛАССИФИКАЦИЙ
Индекс Щ143(2Р=Рус)99Саратовская обл
686 1# - ИНДЕКСЫ ДРУГИХ КЛАССИФИКАЦИЙ
Индекс Щ133(2Р=Рус)99Саратовская обл
942 ## - ДОПОЛНИТЕЛЬНЫЕ ЭЛЕМЕНТЫ ЗАПИСИ (АБИС)
Тип экземпляра АБИС Книга
980 ## - КОЛЛЕКЦИЯ
Название коллекции НБР
980 ## - КОЛЛЕКЦИЯ
Название коллекции Национальная библиография

Нет доступных экземпляров.